logo

Bir Sreshtho Munshi Abdur Rouf Library
Jhenaidah Cadet College

আধুনিক তথ্য ও প্রযুক্তি সম্বলিত পোল্ট্রি ডেয়ারি ফিশ ফার্মিং / (Record no. 4309)

MARC details
000 -LEADER
fixed length control field 01000nam a2200277 a 4500
001 - CONTROL NUMBER
JCCL Control Number 4309
003 - CONTROL NUMBER IDENTIFIER
JCCL marc code BD-JhCC
005 - DATE AND TIME OF LATEST TRANSACTION
control field 20210603134020.0
008 - FIXED-LENGTH DATA ELEMENTS--GENERAL INFORMATION
fixed length control field 171126s19952008bg a|||| ||a| 000 0 ben d
020 ## - INTERNATIONAL STANDARD BOOK NUMBER
International Standard Book Number 9847015200312
035 ## - SYSTEM CONTROL NUMBER
system control number (BD-JhCC)4309
040 ## - CATALOGING SOURCE
Original cataloging agency BD-JhCC
Modifying agency BD-JhCC
041 ## - LANGUAGE CODE
Language code of Book ben
082 ## - DEWEY DECIMAL CLASSIFICATION NUMBER
Classification number 630
Author mark and Year CHA 2008
100 ## - MAIN ENTRY--PERSONAL NAME
Personal name চক্রবর্তী, দিলীপ কুমার
245 ## - TITLE STATEMENT
Title আধুনিক তথ্য ও প্রযুক্তি সম্বলিত পোল্ট্রি ডেয়ারি ফিশ ফার্মিং /
Statement of responsibility, etc দিলীপ কুমার চক্রবর্তী,
260 ## - PUBLICATION, DISTRIBUTION, ETC. (IMPRINT)
Place of publication, distribution, etc ঢাকা :
Name of publisher, distributor, etc অনুপম প্রকাশনী,
Date of publication, distribution, etc 2008
300 ## - PHYSICAL DESCRIPTION
Pagination 76 p. :
Dimensions 24 cm.
650 ## - SUBJECT ADDED ENTRY--TOPICAL TERM
Topical term or geographic name as entry element Farming
650 ## - SUBJECT ADDED ENTRY--TOPICAL TERM
Topical term or geographic name as entry element Poultry
650 ## - SUBJECT ADDED ENTRY--TOPICAL TERM
Topical term or geographic name as entry element Dairy
650 ## - SUBJECT ADDED ENTRY--TOPICAL TERM
Topical term or geographic name as entry element Fish
700 ## - ADDED ENTRY--PERSONAL NAME
Personal name ব্যানার্জী, অপরেশ কুমার (সম্পাদনা)
942 ## - ADDED ENTRY ELEMENTS (KOHA)
Source of classification or shelving scheme Dewey Decimal Classification
Koha item type Books
Koha issues (borrowed), all copies 3
Holdings
Source of classification or shelving scheme Damaged status Not for loan Home library Current library Shelving location Date of accession Cost, normal purchase price Total Checkouts Full call number Barcode Date last seen Date checked out Copy number Koha item type Method of acquisition Currency
Dewey Decimal Classification     JCC Rouf Library JCC Rouf Library General Stacks 11/26/2017 240.00 2 630 CHA 2008 6167 08/13/2022 06/03/2021 C- 1 Books    
Dewey Decimal Classification     JCC Rouf Library JCC Rouf Library General Stacks   240.00   630 CHA 2008 19540 05/24/2024   C-2 Books Purchase BDT

JCC Library | Contacts | JCC Home

Last Update on 23 September 2017
Copyright @ 2017-2020 JCC Rouf Library
Rouf Library, Jhenidah Cadet College (JCC), Bangladesh